000
003330000a22001450004500
005
20120302064642.0
942
_c
BOOK
100
_a
Joshi , Vimala
245
_a
Chapha Bolena!
260
_a
Pune: Suraj; Pralasjam. 1993 .
300
_a
126 p.
040
_a
mar
365
_b
Rs.60/-
650
_a
Sankirna / Vanaspati / Phulzade
999
_c
362716
_d
362713